000 00828nam a2200217 a 4500
001 BRCA_2217
005 20190320203722.0
008 920327s1991 be-a---##b---#000-0#fre-d
020 _a9069880474
040 _aRBN
_cRBN
_dIXA
050 4 _aN7125
_b.F45 1991
245 1 0 _aFeitorias
_bl´art au Portugal au temps des grandes découvertes (fin XIVe siècle jusqu´à 1548).
260 _aBruselas
_bFondation Europalia International
_c1991.
300 _a259 p.
_bil. (principalmente a color)
_c30 cm.
504 _aBibliografía : p. 251-257.
650 1 4 _aArte renacentista
_vExposiciones.
_zPortugal
_96666
650 1 4 _aArte portugués
_vExposiciones.
_xInfluencias flamencas
_96667
710 2 _aKoninklijk Museum voor Schone Kunsten (Bélgica)
_96668
711 2 _aEuropalia
_d(1991
_cAntwerp, Bélgica)
_96669
942 _2lcc
_cB
999 _c1970
_d1970